Experiencia humana y comunicación de la fe: ensayo de teología fundamental
Saved in:
| Main Author: | |
|---|---|
| Format: | Book |
| Language: | Spanish |
| Published: |
Madrid
Paulinas
1983
|
| Series: | Colección Teología Pastoral
|
| Subjects: | |
| Tags: |
Add Tag
No Tags, Be the first to tag this record!
|
MARC
| LEADER | 00000nam a2200000 a 4500 | ||
|---|---|---|---|
| 001 | UCW9561 | ||
| 003 | CL-VaPUC | ||
| 008 | 890512e19830000SP |||||||||||||||||spa|d | ||
| 082 | 0 | 4 | |a 239 |b GEL |2 21 |
| 100 | |a Gelabert Ballester, Martín |e author |9 523167 | ||
| 245 | 1 | 0 | |a Experiencia humana y comunicación de la fe: ensayo de teología fundamental |
| 300 | |a 185 p | ||
| 942 | |c BK | ||
| 945 | |d 19890512 00:00:00 | ||
| 260 | |a Madrid |b Paulinas |c 1983 | ||
| 650 | 0 | |a Apologética |9 269349 | |
| 650 | 0 | |a Existencia de Dios |9 266954 | |
| 583 | |a last modification |c 19890512 00:00:00 |k Rodrigo Vera | ||
| 490 | 0 | |a Colección Teología Pastoral | |
| 999 | |c 221497 |d 221495 | ||
| 952 | |0 0 |1 0 |4 0 |6 239_000000000000000_GEL_1983 |7 0 |8 A |9 214867 |a BIBTEO |b BIBTEO |d 2019-11-15 |i 2834588 |o 239 GEL 1983 |p 2834588 |r 2025-01-17 |w 2019-11-15 |y BK |k ICR | ||
| 952 | |0 0 |1 0 |4 0 |6 239_000000000000000_GEL_1983 |7 0 |8 A |9 214868 |a BIBEDU |b BIBEDU |d 2019-11-15 |i 2916711 |o 239 GEL 1983 |p 2916711 |r 2019-11-15 |w 2019-11-15 |y BK |k FIL | ||